Распиливание металлов круглыми пилами / (Record no. 480994)
[ view plain ]
| 000 -LEADER | |
|---|---|
| fixed length control field | 00650nam a2200205 a 4500 |
| 001 - CONTROL NUMBER | |
| control field | 000764900 |
| 003 - CONTROL NUMBER IDENTIFIER | |
| control field | AM-YeHGA |
| 005 - DATE AND TIME OF LATEST TRANSACTION | |
| control field | 20250617161951.0 |
| 008 - FIXED-LENGTH DATA ELEMENTS--GENERAL INFORMATION | |
| fixed length control field | 101013s1949 ||||||||||||||||||||rus|c |
| 040 ## - CATALOGING SOURCE | |
| Original cataloging agency | AM-YeHGA |
| 041 0# - LANGUAGE CODE | |
| Language code of text/sound track or separate title | rus |
| 090 ## - LOCALLY ASSIGNED LC-TYPE CALL NUMBER (OCLC); LOCAL CALL NUMBER (RLIN) | |
| -- | 484342 |
| 100 1# - MAIN ENTRY--PERSONAL NAME | |
| Personal name | Скворцов, П.Ф |
| 245 10 - TITLE STATEMENT | |
| Title | Распиливание металлов круглыми пилами / |
| Statement of responsibility, etc. | П.Ф. Скворцов. |
| 260 ## - PUBLICATION, DISTRIBUTION, ETC. | |
| Place of publication, distribution, etc. | Москва |
| -- | Свердловск : |
| Name of publisher, distributor, etc. | Машгиз, |
| Date of publication, distribution, etc. | 1949. |
| 300 ## - PHYSICAL DESCRIPTION | |
| Extent | 170 с. : |
| Other physical details | ил. ; |
| Dimensions | 22 см. |
| 500 ## - GENERAL NOTE | |
| General note | Прилож.: с. 121-167 |
| 504 ## - BIBLIOGRAPHY, ETC. NOTE | |
| Bibliography, etc. note | Лит.: с. 168 |
| 650 14 - SUBJECT ADDED ENTRY--TOPICAL TERM | |
| Topical term or geographic name entry element | Резание металлов |
| Withdrawn status | Lost status | Source of classification or shelving scheme | Damaged status | Not for loan | Collection | Home library | Current library | Date acquired | Total checkouts | Full call number | Barcode | Date last seen | Price effective from | Koha item type | Public note |
|---|---|---|---|---|---|---|---|---|---|---|---|---|---|---|---|
| Universal Decimal Classification | General | Fundamental Scientific Library | Fundamental Scientific Library | 15/01/2019 | РД II/32390 | FL0543146 | 15/01/2019 | 15/01/2019 | Գրքեր / Books | 30 Days Loan |
ՀՀ Գիտությունների ազգային ակադեմիայի հիմնարար գիտական գրադարան = Fundamental Scientific Library of NAS RA
All site content, except where otherwise noted, is licensed under a